000 00909nam a22003017a 4500
001 BR7500873
003 BR-BrBNA
005 20230928084730.0
007 ta
008 230509b bl.||||| |||| 00| 0 por d
040 _aBR-BrBNA
_bpor
_cBiblioteca Nacional de Agricultura
041 _a(Por)
072 _aH10
_b0150
_b/G302
090 _ 0150 BR7500873
100 1 _aCheaney, R.L.
100 1 _aJennings, P.R.
110 1 _aCentro Internacional de Agricultura Tropical, Cali (Colombia)
_91696
245 1 _aProblemas nas lavouras de arroz na America Latina [Praga de planta; Inseto; Oryza sativa]
_bpt. 1
260 3 _aPorto Alegre, RS (Brasil):
_bInstituto Rio Grandense do Arroz,
_c1975.
300 _a39 p.
500 _a50 illus.
650 _aPraga de planta
650 _aArroz
650 _aInseto
650 _aAmerica latina
909 _a202309
_bLucia
_c55
_dLucia Elande
942 _cBK
999 _c20767
_d20767